000
00290nam a22001337a 4500
008
180904b xxu||||| |||| 00| 0 eng d
020
_a
9781849943734
041
_a
eng
080
_a
701
100
_a
45
101
_a
ART
245
_a
Tropical Wonderland
_c
Morattas,M
942
_2
udc
_c
BK
999
_c
47508
_d
47508